Score 0/40 Timer 04:00
1 Play Today
% Correct
bane
96.3%
cane
96.1%
rain
94.2%
pain
90.9%
sane
90.9%
mane
90.9%
lane
90%
gain
89.8%
main
88.6%
crane
86%
wane
85.2%
brain
84.8%
pane
82.7%
train
82%
drain
79.3%
stain
79%
vane
77.5%
grain
75.4%
plain
72.7%
slain
72.5%
% Correct
vain
71.1%
reign
70%
plane
69.1%
chain
63.6%
fane
63.3%
feign
63%
lain
62.4%
vein
59.8%
wain
59.8%
strain
55.1%
blain
54.7%
fain
52.5%
deign
43%
rein
36.9%
thane
35.3%
swain
35%
sprain
34.6%
twain
29.1%
skein
25.2%
seine
17%
Remove Ads.
Support Sporcle.
Get the best of Sporcle when you Go Orange. This ad-free experience offers more features, more stats, and more fun while also helping to support Sporcle. Thank you for becoming a member.

You're not logged in!

Compare scores with friends on all Sporcle quizzes.
OR
Log In

Show Comments

Extras

Top Quizzes Today


Score Distribution

Your Account Isn't Verified!

In order to create a playlist on Sporcle, you need to verify the email address you used during registration. Go to your Sporcle Settings to finish the process.

Report this User

Report this user for behavior that violates our Community Guidelines.

Details: